000 00670nam a22002297a 4500
003 UA-OsUOA
001 64516
007 ta
008 20091105b un ||||| |||| 00| 0 ukr d
090 _a930.1
_bД22
942 _cBK
040 _aUA-OsUOA
_brus
_cUA-OsUOA
_dUA-OsUOA
245 _aХХV съезд КПСС и задачи изучения истории исторической науки
300 _a146 с.
955 _a4
041 _arus
080 _a930.1
260 _aКалинин
_c1978
246 3 1 _aЧ. 1
_n
650 7 _a930 Історична наука. Допоміжні історичні дисципліни
_2UDC
999 _c350803
_d350803